00698cam a2200217 a 450000100100000000500170001000800410002702000150006804000250008308200230010810000230013124500810015425000110023526000460024630000280029250000330032065000340035365000340038765000380042165000210045900001446020200929163844.0970423s1996 sp a 000 0 spa  a8486575583 aDO-SdBNPbspacBNPHU a306.7bS129s, 19961 aSagrera, Martín.10aSexo, población y política :bhechos e ideologías /cMartín Sagrera. a3a ed. aMadrid, España :bA-Z Ediciones,c1996. a110 p. :bil. ;c24 cm. aTercera edición española 4aSociología de la sexualidad 4aControl natalxAspecto social 4aControl natalxAspecto política 4aSuperpoblación